Statistics for Cities Closest to an Unknown City by Picture #1

Click here to take the quiz!

General Stats

  • This quiz has been taken 28 times
  • The average score is 7 of 20

Answer Stats

Answer % Correct
New York City
100%
Washington DC
100%
Philadelphia
80%
Toronto
64%
Boston
56%
Ottawa
52%
Baltimore
40%
Pittsburgh
36%
Buffalo
24%
Newark
20%
Jersey City
20%
Virginia Beach
16%
Richmond
16%
Montreal
16%
Rochester
16%
Yonkers
8%
Norfolk
4%
Chesapeake
4%
Longueuil
0%
Laval
0%

Score Distribution

Percentile by Number Answered

Percent of People with Each Score

Your Score History

You have not taken this quiz